Concierto N° 2 para piano y orquesta en do menor op. 18 ; Rapsodia sobre un tema de Paganini para piano y orquesta op. 43 / (Record no. 29058)

MARC details
000 -LEADER
campo de control de longitud fija 00898ntaaa2200205 4500
003 - IDENTIFICADOR DE NÚMERO DE CONTROL
campo de control 01
005 - FECHA Y HORA DE LA ÚLTIMA TRANSACCIÓN
campo de control 20251027203343.0
008 - DATOS DE LONGITUD FIJA--INFORMACIÓN GENERAL
campo de control de longitud fija 0714s1973 ag 01
040 ## - FUENTE DE CATALOGACIÓN
Centro catalogador/agencia de origen AR-BaBN
Lengua de catalogación spa
Centro/agencia transcriptor AR-BaBN
Normas de descripción aacr
Centro/agencia modificador RIC
100 ## - ENTRADA PRINCIPAL--NOMBRE DE PERSONA
Nombre de persona Rachmaninov, Sergei
Fechas asociadas al nombre 1873-1943
9 (RLIN) 37482
245 ## - MENCIÓN DEL TÍTULO
Título Concierto N° 2 para piano y orquesta en do menor op. 18 ; Rapsodia sobre un tema de Paganini para piano y orquesta op. 43 /
Mención de responsabilidad, etc. Sergei Rachmaninov
260 ## - PUBLICACIÓN, DISTRIBUCIÓN, ETC.
Lugar de publicación, distribución, etc. Buenos Aires :
Nombre del editor, distribuidor, etc. Viscontea [distribuidor],
Fecha de publicación, distribución, etc. c1979
300 ## - DESCRIPCIÓN FÍSICA
Extensión 1 disco son. (55 min., 44 seg.) ;
Dimensiones analógico, 33 1/3 rpm, estereo ; 12 plg.
490 ## - MENCIÓN DE SERIE
Mención de serie Los grandes músicos ;
Designación de volumen o secuencia 82
500 ## - NOTA GENERAL
Nota general Abbey Simon, piano ; Orquesta Sinfónica de Saint Louis, Leonard Slatkin, director
500 ## - NOTA GENERAL
Nota general Fabricado por: CBS. Licencia de: Vox-Turnabout-MMG (The Moss Music Group)
500 ## - NOTA GENERAL
Nota general Duraciones: 32 min., 6 seg. ; 23 min., 38 seg.
650 ## - PUNTO DE ACCESO ADICIONAL DE MATERIA--TÉRMINO DE MATERIA
Término de materia o nombre geográfico como elemento de entrada MUSICA
942 ## - ELEMENTOS DE ENTRADA SECUNDARIOS (KOHA)
Tipo de ítem Koha Colección General
Holdings
Estatus retirado Estado de pérdida Estado de daño No para préstamo Biblioteca de origen Biblioteca actual Fecha de adquisición Número de inventario Total de préstamos Código de barras Visto por última vez Precio de reemplazo Tipo de ítem Koha
        Biblioteca Pluis Biblioteca Pluis 27/10/2025 045589   045589 27/10/2025 27/10/2025 Colección General